136_ Personnalités nées un 16 mai par images - Statistiques

Statistiques générales
  • Ce quiz a été pris 28 fois
  • Le résultat moyen est 4 sur 9
Statistiques - réponses
Par images Hint Réponse % Correct
Tenniswoman Loïs Boisson
77%
Biathlète Johannes Thingnes Bø
73%
Acteur Raphaël Quenard
73%
Actrice Megan Fox
65%
Chanteuse Janet Jackson
50%
Dirigeant Politique James Madison
8%
Journaliste Tucker Carlson
8%
Dirigeant Politique Andrzej Duda
0%
Actrice Tracey Gold
0%
Aucun quiz correspondant
Distribution des résultats
% des personnes avec chaque résultat
Percentile par nombre de réponses
Votre historique - résultats
Vous n’avez pas pris ce quiz